<?xml version="1.0" encoding="UTF-8"?>
<record
    xmlns:xsi="http://www.w3.org/2001/XMLSchema-instance"
    xsi:schemaLocation="http://www.loc.gov/MARC21/slim http://www.loc.gov/standards/marcxml/schema/MARC21slim.xsd"
    xmlns="http://www.loc.gov/MARC21/slim">

  <leader>00389nam a22001697a 4500</leader>
  <datafield tag="020" ind1=" " ind2=" ">
    <subfield code="a">9789559244134</subfield>
  </datafield>
  <datafield tag="082" ind1=" " ind2=" ">
    <subfield code="a">546.3 LIY</subfield>
  </datafield>
  <datafield tag="100" ind1=" " ind2=" ">
    <subfield code="a">Liyanage,Janitha.A</subfield>
  </datafield>
  <datafield tag="245" ind1=" " ind2=" ">
    <subfield code="a">Life and Metals</subfield>
  </datafield>
  <datafield tag="260" ind1=" " ind2=" ">
    <subfield code="a">Colombo</subfield>
    <subfield code="b">Institiute of Chemistry</subfield>
    <subfield code="c">2001</subfield>
  </datafield>
  <datafield tag="300" ind1=" " ind2=" ">
    <subfield code="a">51p</subfield>
  </datafield>
  <datafield tag="490" ind1=" " ind2=" ">
    <subfield code="a">Monograph No:19</subfield>
  </datafield>
  <datafield tag="650" ind1=" " ind2=" ">
    <subfield code="a">life ,metals</subfield>
  </datafield>
  <datafield tag="650" ind1=" " ind2=" ">
    <subfield code="a">Monograph No:19</subfield>
  </datafield>
  <datafield tag="700" ind1=" " ind2=" ">
    <subfield code="a">Jans,E.R</subfield>
  </datafield>
  <datafield tag="942" ind1=" " ind2=" ">
    <subfield code="c">MON</subfield>
  </datafield>
  <datafield tag="999" ind1=" " ind2=" ">
    <subfield code="c">2449</subfield>
    <subfield code="d">2449</subfield>
  </datafield>
  <datafield tag="952" ind1=" " ind2=" ">
    <subfield code="0">0</subfield>
    <subfield code="1">0</subfield>
    <subfield code="7">0</subfield>
    <subfield code="8">NFIC</subfield>
    <subfield code="a">IC</subfield>
    <subfield code="b">IC</subfield>
    <subfield code="c">GEN</subfield>
    <subfield code="d">2015-10-25</subfield>
    <subfield code="l">0</subfield>
    <subfield code="o">546.3 LIY</subfield>
    <subfield code="p">003177</subfield>
    <subfield code="r">2015-10-25 00:00:00</subfield>
    <subfield code="w">2015-10-25</subfield>
    <subfield code="y">MON</subfield>
  </datafield>
  <datafield tag="952" ind1=" " ind2=" ">
    <subfield code="0">0</subfield>
    <subfield code="1">0</subfield>
    <subfield code="7">0</subfield>
    <subfield code="8">NFIC</subfield>
    <subfield code="a">IC</subfield>
    <subfield code="b">IC</subfield>
    <subfield code="c">GEN</subfield>
    <subfield code="d">2015-10-25</subfield>
    <subfield code="l">0</subfield>
    <subfield code="o">546.3 LIY</subfield>
    <subfield code="p">003739</subfield>
    <subfield code="r">2015-10-25 00:00:00</subfield>
    <subfield code="w">2015-10-25</subfield>
    <subfield code="y">MON</subfield>
  </datafield>
  <datafield tag="952" ind1=" " ind2=" ">
    <subfield code="0">0</subfield>
    <subfield code="1">0</subfield>
    <subfield code="7">0</subfield>
    <subfield code="a">IC</subfield>
    <subfield code="b">IC</subfield>
    <subfield code="c">GEN</subfield>
    <subfield code="d">2018-07-06</subfield>
    <subfield code="l">0</subfield>
    <subfield code="o">546.3 LIY</subfield>
    <subfield code="p">003740</subfield>
    <subfield code="r">2018-07-06 00:00:00</subfield>
    <subfield code="w">2018-07-06</subfield>
    <subfield code="y">MON</subfield>
  </datafield>
</record>
